000 01017cam a22003134a 4500
001 15340848
003 OSt
005 20230621112525.0
008 080623s2007 ii l f001 0 eng
010 _a 2008330531
025 _aI-E-2008-330531; 63-92
037 _bLibrary of Congress -- New Delhi Overseas Office
_cRs75.00
040 _aDLC
_cDLC
_dDLC
042 _alcode
043 _aa-ii---
082 _a328.1
_bLSS
110 1 _aIndia.
_bParliament.
_bLok Sabha.
245 1 0 _aDirections by the speaker under the rules of procedure and conduct of business in Lok Sabha.
246 1 8 _aDirections by the speaker Lok Sabha
250 _a5th ed.
260 _aNew Delhi :
_bLok Sabha Secretariat,
_c2004.
300 _axiii, 103 p. ;
_c23 cm.
500 _a"C.B. (I) No. 353"--T.p. verso.
500 _aIncludes index.
610 1 0 _aIndia.
_bParliament.
_bLok Sabha
_vRules and practice.
906 _a7
_bcbc
_corigode
_d2
_encip
_f20
_gy-gencatlg
942 _2ddc
_cBK
999 _c2105
_d2105